Sports Quiz

Random Sports or Rugby Quiz

Current Nrl Players Quiz Stats

 Plays Quiz not verified by Sporcle

Also try: MLB Teams on a Map
Challenge
Share
Tweet
Embed
Score 0/10 Timer 03:00
0 Plays Today
Hint Answer % Correct
3 time Dally M medal winnerAndrew Johns
77.2%
Considered one of the greatest rugby league coaches of all time this Brisbane born man took his teams to a total of 7 grand finals and won 6. coach of the year 2000Wayne Bennett
72.1%
I was once considered the best centre in league before moving to France.Mark Gasnier
68%
He is a multiple-premiership winner, a Clive Churchill Medallist and also became only the second player to have won the Golden Boot award twice.Darren Lockyer
61.6%
made famous after a drive by shooting and stepped on the side line in Origin round 1 loss in 2009Jarryd Hayne
60.7%
2004 premiership winner 2 time dally m medal winnerJohnathan Thurston
60.2%
Coach known for his quotes as well, no no no no no!Phil Gould
59.9%
Most capped Blues player of all time awarded the golden boot in 2000 after winning the in 1997Brad Fittler
51.3%
1992 clive churchill medal winner 4 time premiership winner and his clubs player of the year award a record 5 times.Allan Langer
35.2%
signed with St George in 1993 as an 18 year old the forward flipping five eigth ironically dropped the grand final winning try after scoring a hat trick in the semi finalAnthony Mundine
33.9%

You're not logged in!

Compare scores with friends on all Sporcle quizzes.
OR
Log In

You Might Also Like...

Show Comments

Extras

Created Apr 5, 2010ReportNominate
Tags:Rugby Quiz, league, nrl, player

Top Quizzes Today


Score Distribution

Your Account Isn't Verified!

In order to create a playlist on Sporcle, you need to verify the email address you used during registration. Go to your Sporcle Settings to finish the process.

Report this User

Report this user for behavior that violates our Community Guidelines.

Details: